000 00991nam a2200277Ia 4500
003 OSt
005 20221007125146.0
006 a|||||r|||| 00| 0
007 ta
008 221006b |||||||| |||| 00| 0 eng d
020 _a0195096185 (hbd)
_cRs.895.00
024 _a5308
037 _bEducational,
_cTextual
040 _aCDL
_cCDL
_beng
041 _2eng
_aeng
082 _aE5, N7
100 _aHoffman Robert V
_9615784
245 0 _aOrganic chemistry: an intermediate text by Robert V Hoffman
260 _aNew
_bYork Oxford University Press
_c1997
300 _axii,311p
_ccm.
490 _aTopics in organic chemistry
500 _aIndex 313-322p; ^n23/CSL/Carc/98-99/6313^d1998-07-09^mPurchase; ; 98-99/152^b1998-08-28^cEBA/075/98-99^d1998-08-04^eEducational Book Agency (India); ; 1998-08-31^c1998-08-31^r1998-10-24
650 _aChemistry,Organic compounds
942 _hE5, N7
_cTEXL
_2CC
999 _c1214783
_d1214783